| 000 -ლიდერი |
| ფიქსირებული სიგრძის საკონტროლო ველი |
01047nam a2200205Ia 4500 |
| 001 - საკონტროლო ნომერი |
| საკონტროლო ველი |
15673 |
| 003 - საკონტროლო ნომრის იდენტიფიკატორი |
| საკონტროლო ველი |
GE_BSU |
| 005 - ბოლო ოპერაციის თარიღი და დრო |
| საკონტროლო ველი |
20221222155812.0 |
| 008 - ფიქსირებული სიგრძის მონაცემთა ელემენტები - ზოგადი ინფორმაცია |
| ფიქსირებული სიგრძის საკონტროლო ველი |
181216s1979ge xx |||||||||||||| ||geo|| |
| 040 ## - კატალოგიზაციის წყარო |
| Transcribing agency |
GE_BSU |
| 041 ## - ენის კოდი |
| Language code of text/sound track or separate title |
geo |
| 080 ## - უნივერსალური ათობითი კლასიფიკაციის ინდექსი |
| Universal Decimal Classification number |
821.353.1 ც-89 |
| 100 ## - მთავარი ჩანაწერი - პიროვნების სახელი |
| Personal name |
იაკობ, ცურტაველი |
| 9 (RLIN) |
2937 |
| 245 ## - ცნობა სათაურის შესახებ |
| Title |
წამებაი წმიდისა შუშანიკისი დედოფლისაი / |
| Statement of responsibility, etc |
იაკობ ცურტაველი, წერილი და ლექსიკონი დაურთო ც. ქურციკიძემ]. |
| 264 ## - წარმოების, გამოცემის, დისტრიბუციის და სხვა ცნობები |
| გამოცემის, წარმოების, დისტრიბუციის... ადგილი |
თბილისი : |
| გამოცემის, წარმოების, დისტრიბუციის... სახელწოდება |
საბჭ. საქართველო, |
| გამოცემის, წარმოების, დისტრიბუციის... თარიღი |
1979. |
| 300 ## - ფიზიკური აღწერა |
| Extent |
96გვ . : |
| Other physical details |
ილ. ; |
| Dimensions |
17 სმ. |
| 653 ## - INDEX TERM--UNCONTROLLED |
| Uncontrolled term |
წამებაი წმიდისა შუშანიკისი დედოფლისაი |
| 700 ## - ADDED ENTRY--PERSONAL NAME |
| Personal name |
ქურციკიძე, ც |
| Relator term |
შესავალი წერილი და ლექსიკონი დაურთო |
| 9 (RLIN) |
1286 |
| 942 ## - ADDED ENTRY ELEMENTS (KOHA) |
| Koha item type |
წიგნი |
| Source of classification or shelving scheme |
|